banner koha

Anais do 4. Encontro Nacional de Novilho Precoce (Registro n. 62156)

MARC details
000 -LÍDER
campo de controle de tamanho fixo 01064nam a22003257a 4500
001 - NÚMERO DE CONTROLE
campo de controle BR0002140
003 - IDENTIFICADOR DO NÚMERO DE CONTROLE
campo de controle BR-BrBNA
005 - DATA E HORÁRIO DA ÚLTIMA TRANSAÇÃO
campo de controle 20230928100636.0
007 - CAMPO FIXO DE DESCRIÇÃO FÍSICA--INFORMAÇÃO GERAL
campo de controle de tamanho fixo ta
008 - CAMPO DE DADOS FIXOS--INFORMAÇÃO GERAL
campo de controle de tamanho fixo 230509b bl.||||| |||| 00| 0 por d
040 ## - FONTE DA CATALOGAÇÃO
Instituição da catalogação original BR-BrBNA
Idioma da catalogação por
Instituição que transcreveu o registro Biblioteca Nacional de Agricultura
041 ## - CÓDIGO DE IDIOMA
Código do idioma do texto/trilha sonora ou título diferente (Por)
072 ## - CÓDIGO DE CATEGORIA DE ASSUNTO
Código de Categoria de Assunto L01; E70
Código do objeto 5213
090 ## - NÚMERO DE CHAMADA LOCAL
-- 5213 BR0002140
110 1# - ENTRADA PRINCIPAL--NOME CORPORATIVO
Nome corporativo ou nome da jurisdição Instituto Novas Fronteiras da Cooperacao, Brasilia, DF (Brasil)
9 (RLIN) 6548
110 1# - ENTRADA PRINCIPAL--NOME CORPORATIVO
Nome corporativo ou nome da jurisdição Associacao Goiana dos Produtores de Novilho Precoce, Goiania, GO (Brasil)
111 1# - ENTRADA PRINCIPAL--NOME DO EVENTO
Nome do evento ou lugar 4. Encontro Nacional do Novilho Precoce
Local do evento Goiania, GO (Brazil)
Data do evento ou assinatura do tratado 9-11 Sep 1999
245 1# - TÍTULO
Título Anais do 4. Encontro Nacional de Novilho Precoce
260 3# - PUBLICAÇÃO, DISTRIBUIÇÃO, ETC.
Local de publicação, distribuição, etc. Brasilia, DF (Brasil):
Data da publicação, distribuição, etc. 2000.
300 ## - DESCRIÇÃO FÍSICA
Extensão 196 p.
500 ## - NOTA GERAL
Nota geral 43 illus.; 36 tables; Several bibliography
650 ## - ASSUNTO--TERMO TÓPICO
Cabeçalho tópico ou nome geográfico Novilho Precoce
650 ## - ASSUNTO--TERMO TÓPICO
Cabeçalho tópico ou nome geográfico Gado de Corte
650 ## - ASSUNTO--TERMO TÓPICO
Cabeçalho tópico ou nome geográfico Producao Animal
650 ## - ASSUNTO--TERMO TÓPICO
Cabeçalho tópico ou nome geográfico Carne
650 ## - ASSUNTO--TERMO TÓPICO
Cabeçalho tópico ou nome geográfico Classificacao de Produto
650 ## - ASSUNTO--TERMO TÓPICO
Cabeçalho tópico ou nome geográfico Controle de Qualidade
909 ## -
-- 202309
-- Lucia
-- 55
-- Lucia Elande
942 ## - ELEMENTOS DE ENTRADA ADICIONADOS (KOHA)
Tipo de material Koha Livros
Exemplares
Situação do descarte Fonte da classificação ou esquema de arquivamento na estante Situação física Não pode ser emprestado Coleção Biblioteca de origem Biblioteca atual Total de empréstimos Número de telefone completo Código de barras Data de último acesso Número do exemplar Tipo de material Koha Situação das perdas Data de aquisição Fonte de aquisição
  Classificação AGRIS       Biblioteca Nacional de Agricultura - Binagri Biblioteca Nacional de Agricultura - Binagri   5213 BR0002140 5213 BR0002140 25/09/2023 01 Livros   2023-09-25 Portaria Interministerial nº 164/94

BINAGRI

Telefone: (61)3218-2567/2388/3357/2097 - binagri@agro.gov.br

Ministério da Agricultura e Pecuária , Esplanada dos Ministérios, Bloco D, Anexo B, Brasília/DF, CEP: 70.043-900